Every Fossil Pokémon - Statistics

General Stats
  • This quiz has been taken 29 times
  • The average score is 20 of 25
Answer Stats
Type Pokémon % Correct
Rock/Flying Aerodactyl
100%
Rock/Water Kabuto
92%
Rock/Water Kabutops
92%
Rock/Water Omanyte
88%
Rock/Water Omastar
88%
Rock/Bug Anorith
85%
Rock/Flying Archeops
85%
Rock/Bug Armaldo
85%
Rock Rampardos
85%
Rock/Steel Shieldon
81%
Rock/Dragon Tyrunt
81%
Rock/Flying Archen
77%
Rock/Steel Bastiodon
77%
Rock/Grass Cradily
77%
Rock Cranidos
77%
Rock/Dragon Tyrantrum
77%
Rock/Ice Amaura
73%
Rock/Ice Aurorus
73%
Water/Rock Carracosta
73%
Water/Dragon Dracovish
73%
Electric/Dragon Dracozolt
73%
Rock/Grass Lileep
73%
Water/Ice Arctovish
69%
Electric/Ice Arctozolt
69%
Water/Rock Tirtouga
69%
No matching quizzes found
Score Distribution
Percent of People with Each Score
Percentile by Number Answered
Your Score History
You have not taken this quiz